Lecciones que hemos de aprender de la experiencia comunista / (Record no. 81722)

MARC details
000 -LEADER
campo de control de longitud fija 00562nam a2200193 i 4500
001 - NÚMERO DE CONTROL
campo de control 81722
003 - IDENTIFICADOR DE NÚMERO DE CONTROL
campo de control ES-MaACL
005 - FECHA Y HORA DE LA ÚLTIMA TRANSACCIÓN
campo de control 20250727033922.0
007 - CAMPO FIJO DE DESCRIPCIÓN FÍSICA--INFORMACIÓN GENERAL
campo de control de longitud fija t|
008 - DATOS DE LONGITUD FIJA--INFORMACIÓN GENERAL
campo de control de longitud fija 041105s1964 sp ||||1| spa d
100 1# - ENTRADA PRINCIPAL--NOMBRE DE PERSONA
Nombre de persona Hyde, Douglas.
9 (RLIN) 64876
245 10 - MENCIÓN DEL TÍTULO
Título Lecciones que hemos de aprender de la experiencia comunista /
Mención de responsabilidad, etc. Douglas Hyde.
260 ## - PUBLICACIÓN, DISTRIBUCIÓN, ETC.
Lugar de publicación, distribución, etc. Madrid :
Nombre del editor, distribuidor, etc. Fomento Social,
Fecha de publicación, distribución, etc. [1964]
300 ## - DESCRIPCIÓN FÍSICA
Extensión 48 p. ;
Dimensiones 19 cm.
650 #7 - PUNTO DE ACCESO ADICIONAL DE MATERIA--TÉRMINO DE MATERIA
Término de materia o nombre geográfico como elemento de entrada Comunismo
Fuente del encabezamiento o término embne
9 (RLIN) 11211
710 2# - ENTRADA AGREGADA--NOMBRE DE ENTIDAD CORPORATIVA
Nombre de entidad corporativa o nombre de jurisdicción como elemento de entrada Fomento Social (Madrid)
9 (RLIN) 171603
852 ## - LOCALIZACIÓN
Ubicación ES-MaACL
Número de control de estantería 2040-F-5
Holdings
Estatus retirado Estado de pérdida Estado de daño No para préstamo Colección Biblioteca de origen Biblioteca actual Ubicación en estantería Fecha de adquisición Fuente de adquisición Total de préstamos Signatura topográfica completa Código de barras Visto por última vez Precio de reemplazo Tipo de ítem Koha
        Colección de folletos Biblioteca del Ateneo de Madrid Biblioteca del Ateneo de Madrid Depósito folletos 17/01/2008     2040-F-5 1085418 23/02/2023 23/02/2023 Folleto